Season 8 SNL Hosts by Picture - Statistics

General Stats
  • This quiz has been taken 39 times
  • The average score is 10 of 21
Answer Stats
Picture Answer % Correct
Eddie Murphy
97%
Michael Keaton
89%
Ron Howard
86%
Chevy Chase
84%
Drew Barrymore
76%
Rick Moranis
73%
Stevie Wonder
68%
Lily Tomlin
62%
The Smothers Brothers
57%
Ed Koch
49%
Beau Bridges
38%
Jeff Bridges
38%
Louis Gossett Jr.
38%
Joan Rivers
35%
Bruce Dern
30%
Howard Hesseman
30%
Robert Blake
22%
Robert Guillaume
22%
Dave Thomas
16%
Susan Saint James
14%
Sid Caeser
5%
No matching quizzes found
Score Distribution
Percent of People with Each Score
Percentile by Number Answered
Your Score History
You have not taken this quiz